Pays les plus petits - Statistiques

Statistiques générales
  • Ce quiz a été pris 118 740 fois
  • Le résultat moyen est 14 sur 24
Statistiques - réponses
Pays % Correct
Vatican
94%
Monaco
89%
Andorre
85%
Saint-Marin
82%
Liechtenstein
78%
Sainte-Lucie
59%
Saint-Vincent-et-les-Grenadines
56%
Tuvalu
55%
Nauru
54%
Saint-Christophe-et-Niévès
54%
Malte
53%
Singapour
51%
Tonga
51%
Barbade
50%
Grenade
49%
Îles Marshall
49%
Seychelles
47%
Antigua-et-Barbuda
46%
États Fédérés de Micronésie
46%
Kiribati
46%
Palaos
45%
Sao Tomé-et-Principe
45%
Dominique
44%
Maldives
40%
Aucun quiz correspondant
Distribution des résultats
% des personnes avec chaque résultat
Percentile par nombre de réponses
Votre historique - résultats
Vous n’avez pas pris ce quiz